Central Library OPAC University of Rajshahi

A statistical study of wastage at school : (Record no. 43269)

MARC details
000 -LEADER
fixed length control field 00845nam a2200241 a 4500
001 - CONTROL NUMBER
control field 43269
003 - CONTROL NUMBER IDENTIFIER
rucl marc code BD-RjUL
005 - DATE AND TIME OF LATEST TRANSACTION
control field 20211209053655.0
008 - FIXED-LENGTH DATA ELEMENTS--GENERAL INFORMATION
fixed length control field 160620s1972 fr a b i001 0 eng
035 ## - SYSTEM CONTROL NUMBER
System control number (BD-RjUL) 43387
040 ## - CATALOGING SOURCE
Original cataloging agency DLC
Transcribing agency DLC
Language of cataloging eng
Modifying agency BD-RjUL
041 ## - LANGUAGE CODE
Language code of text/sound track or separate title eng
082 ## - DEWEY DECIMAL CLASSIFICATION NUMBER
Classification number 371.2919
Edition number 23
Author mark and year STA 1972
110 2# - MAIN ENTRY--CORPORATE NAME
Corporate name or jurisdiction name as entry element Unesco.
Subordinate unit Office of Statistics.
9 (RLIN) 132909
245 12 - TITLE STATEMENT
Title A statistical study of wastage at school :
Remainder of title a study prepared for the International Bureau of Education /
Statement of responsibility, etc. by the Unesco Office of Statistics
260 ## - PUBLICATION, DISTRIBUTION, ETC. (IMPRINT)
Place of publication, distribution, etc. Paris ;
-- Geneva :
Name of publisher, distributor, etc. Unesco ;
-- IBE,
Date of publication, distribution, etc. c1972.
300 ## - PHYSICAL DESCRIPTION
Pagination 121 p. :
Illustrations ill. ;
Size 24 cm.
504 ## - BIBLIOGRAPHY, ETC. NOTE
Bibliography, etc Bibliography: p. [87]-88.
650 #0 - SUBJECT ADDED ENTRY--TOPICAL TERM
Topical term or geographic name as entry element Dropouts.
9 (RLIN) 132910
710 2# - ADDED ENTRY--CORPORATE NAME
Corporate name or jurisdiction name as entry element International Bureau of Education.
9 (RLIN) 132911
830 #0 - SERIES ADDED ENTRY--UNIFORM TITLE
Uniform title Studies and surveys in comparative education
942 ## - ADDED ENTRY ELEMENTS (KOHA)
Source of classification or shelving scheme Dewey Decimal Classification
Koha item type Books
Holdings
Lost status Source of classification or shelving scheme Damaged status Not for loan Collection code Permanent Location Current Location Shelving location Date acquired Source of acquisition Total Checkouts Full call number Date last seen Copy number Koha item type
  Dewey Decimal Classification     Non-fiction Central Library, University of Rajshahi Central Library, University of Rajshahi   03/12/1981 UNESCO   371.2919 STA 1972 20/06/2016 C-2 Books
  Dewey Decimal Classification     Non-fiction Central Library, University of Rajshahi Central Library, University of Rajshahi   03/12/1981 UNESCO   371.2919 STA 1972 20/06/2016 C-3 Books
  Dewey Decimal Classification   Not For Loan Non-fiction Central Library, University of Rajshahi Central Library, University of Rajshahi Reading Room 03/12/1981 UNESCO   371.2919 STA 1972 20/06/2016 C-1 Books